000 00737nam a2200193 a 4500
001 BRCA_288
005 20190320202939.0
008 920730s1991 mx-a---##b---s000-0#spa-#
040 _aDLC
_cDLC
050 4 _aF1391.P8
_b.T47 1991
100 1 _aTerán Bonilla, José Antonio
_9966
245 1 0 _aLa extraña casa de San Luis Tehuiloyocan
_bun caso de magia y religión
_cJosé Antonio Terán Bonilla.
260 _a[Puebla]
_bGobierno del Estado de Puebla, Comisión Puebla V Centenario
_c1991
300 _a76 p.
_bil. (algunas a color), mapas
_c23 cm.
504 _aBibliografía: p. 73-76
650 1 4 _aMagia
_zMéxico - San Luis Tehuiloyocan, Puebla
_9967
651 4 _aPuebla (México)
_xVida y costumbres religiosas
_9968
942 _2lcc
_cB
999 _c232
_d232